Statystyki dla Mapa USA z losowo połączonymi stanami

Kliknij tutaj aby rozwiązać quiz!

Ogólne statystyki

  • Ten quiz został rozwiązany 82 razy
  • Średni wynik to 7 z 12

Odpowiedzi na mapie

Odpowiedzi skodowane kolorowo w zielono-czerwonej skali na mapie do tego quizu, zgodnie z poniższymi procentami.
 

Statystyki odpowiedzi

Nazwa grupyStan% Poprawnych
Połączone stanyAlabama
100%
Połączone stanyArizona
100%
Połączone stanyArizona
100%
Połączone stanyArizona
100%
Połączone stanyDakota Północna
100%
Połączone stanyDakota Północna
100%
Połączone stanyDakota Południowa
100%
Merged StatesDakota Południowa
100%
Połączone stanyFloryda
100%
Połączone stanyFloryda
100%
Połączone stanyGeorgia
100%
Połączone stanyIdaho
100%
Połączone stanyIdaho
100%
Połączone stanyIdaho
100%
Połączone stanyIllinois
100%
Połączone stanyIndiana
100%
Połączone stanyIndiana
100%
Połączone stanyKalifornia
100%
Połączone stanyKalifornia
100%
Połączone stanyKalifornia
100%
Połączone stanyKansas
100%
Połączone stanyKarolina Północna
100%
Połączone stanyKentucky
100%
Połączone stanyKentucky
100%
Połączone stanyKentucky
100%
Połączone stanyKolorado
100%
Połączone stanyKolorado
100%
Połączone stanyLuizjana
100%
Połączone stanyMaryland
100%
Połączone stanyMichigan
100%
Połączone stanyMinnesota
100%
Połączone stanyMinnesota
100%
Połączone stanyMinnesota
100%
Połączone stanyMissisipi
100%
Połączone stanyMissouri
100%
Połączone stanyMontana
100%
Połączone stanyNebraska
100%
Połączone stanyNebraska
100%
Połączone stanyNebraska
100%
Połączone stanyNebraska
100%
Połączone stanyNevada
100%
Połączone stanyNevada
100%
Połączone stanyNevada
100%
Połączone stanyNevada
100%
Połączone stanyNevada
100%
Połączone stanyNowy Jork
100%
Połączone stanyNowy Jork
100%
Połączone stanyNowy Meksyk
100%
Połączone stanyOhio
100%
Połączone stanyOhio
100%
Połączone stanyOhio
100%
Połączone stanyOklahoma
100%
Połączone stanyOklahoma
100%
Połączone stanyOklahoma
100%
Połączone stanyOregon
100%
Połączone stanyOregon
100%
Połączone stanyPensylwania
100%
Połączone stanyPensylwania
100%
Połączone stanyTeksas
100%
Połączone stanyTeksas
100%
Połączone stanyTeksas
100%
Połączone stanyTennessee
100%
Połączone stanyUtah
100%
Połączone stanyUtah
100%
Połączone stanyUtah
100%
Połączone stanyVermont
100%
Połączone stanyWirginia Zachodnia
100%
Połączone stanyWisconsin
100%
Połączone stanyWisconsin
100%
Połączone stanyWyoming
100%
Połączone stanyWyoming
100%
Połączone stanyWyoming
100%
Połączone stanyKolorado
67%
Połączone stanyNowy Meksyk
67%
Połączone stanyAlabama
50%
Połączone stanyAlabama
50%
Połączone stanyDakota Południowa
50%
Połączone stanyGeorgia
50%
Połączone stanyIdaho
50%
Połączone stanyIllinois
50%
Połączone stanyIllinois
50%
Połączone stanyIndiana
50%
Połączone stanyIowa
50%
Połączone stanyKansas
50%
Połączone stanyKarolina Północna
50%
Połączone stanyKarolina Północna
50%
Połączone stanyKarolina Południowa
50%
Połączone stanyMassachusetts
50%
Połączone stanyOhio
50%
Połączone stanyOregon
50%
Połączone stanyOregon
50%
Połączone stanyTennessee
50%
Połączone stanyUtah
50%
Połączone stanyVermont
50%
Połączone stanyWaszyngton
50%
Połączone stanyWirginia
50%
Połączone stanyWirginia Zachodnia
50%
Połączone stanyNowy Jork
40%
Połączone stanyKansas
33%
Połączone stanyMissouri
33%
Połączone stanyMassachusetts
20%
Połączone stanyAlabama
0%
Połączone stanyArizona
0%
Połączone stanyArkansas
0%
Połączone stanyArkansas
0%
Połączone stanyArkansas
0%
Połączone stanyArkansas
0%
Połączone stanyArkansas
0%
Połączone stanyConnecticut
0%
Połączone stanyConnecticut
0%
Połączone stanyConnecticut
0%
Połączone stanyDakota Północna
0%
Połączone stanyDakota Południowa
0%
Połączone stanyDelaware
0%
Połączone stanyGeorgia
0%
Połączone stanyIdaho
0%
Połączone stanyIdaho
0%
Połączone stanyIllinois
0%
Połączone stanyIllinois
0%
Połączone stanyIndiana
0%
Połączone stanyIowa
0%
Połączone stanyIowa
0%
Połączone stanyIowa
0%
Połączone stanyKansas
0%
Połączone stanyKarolina Południowa
0%
Połączone stanyKentucky
0%
Połączone stanyKentucky
0%
Połączone stanyKolorado
0%
Połączone stanyKolorado
0%
Połączone stanyLuizjana
0%
Połączone stanyLuizjana
0%
Połączone stanyMaine
0%
Połączone stanyMaryland
0%
Połączone stanyMassachusetts
0%
Połączone stanyMassachusetts
0%
Połączone stanyMassachusetts
0%
Połączone stanyMichigan
0%
Połączone stanyMichigan
0%
Połączone stanyMinnesota
0%
Połączone stanyMissisipi
0%
Połączone stanyMissisipi
0%
Połączone stanyMissisipi
0%
Połączone stanyMissouri
0%
Połączone stanyMissouri
0%
Połączone stanyMontana
0%
Połączone stanyMontana
0%
Połączone stanyNebraska
0%
Połączone stanyNew Hampshire
0%
Połączone stanyNew Hampshire
0%
Połączone stanyNew Hampshire
0%
Połączone stanyNew Jersey
0%
Połączone stanyNew Jersey
0%
Połączone stanyNowy Jork
0%
Połączone stanyNowy Jork
0%
Połączone stanyNowy Meksyk
0%
Połączone stanyOhio
0%
Połączone stanyPensylwania
0%
Połączone stanyPensylwania
0%
Połączone stanyPensylwania
0%
Połączone stanyRhode Island
0%
Połączone stanyRhode Island
0%
Połączone stanyTennessee
0%
Połączone stanyTennessee
0%
Połączone stanyTennessee
0%
Połączone stanyUtah
0%
Połączone stanyVermont
0%
Połączone stanyWaszyngton
0%
Połączone stanyWirginia
0%
Połączone stanyWirginia Zachodnia
0%
Połączone stanyWirginia Zachodnia
0%
Połączone stanyWisconsin
0%
Połączone stanyWyoming
0%
Połączone stanyWyoming
0%
Połączone stanyWyoming
0%

Rozkład punktacji

Percentyl według liczby udzielonych odpowiedzi

Procent ludzi z każdym wynikiem

Twoja historia wyników

Nie rozwiązałeś tego quizu